01006cam a2200265 i 450000500170000000800410001701500170005802000150007504000230009004100080011304300120012108200200013310000350015324501380018826000440032630000630037050400530043365000260048665000240051270000290053670000310056570000510059670000450064770000480069220200104041505.0941203s1989 ck a r 00110 spa d ack-1989-XXXX a9589138497 ala cladCO-BoIAVH1 aspa as-ck---04a583.09861bP89m1 aPrahl, Henry Von, d1948-1989.10aManglares de Colombia / cHenry von Prahl ; introducción Carlos Castaño Uribe ; fotografías Aldo Brando, Jose Fernando Machado. aBogotá : bVillegas Editores, c1989. a203 páginas : bilustraciones y fotográfias ; c38 cm. aIncluye referencias bibliográficas e índice.14aManglaresz Colombia.24aEcología vegetal.1 aCastaño Uribe, Carlos.1 aBrando, Aldo,efotógrafo1 aMachado, Jose Fernando, d1957-, efotógrafo1 aVillegas, Benjamín, d1948-, eeditor.1 aUribe Hurtado, Cristina, d1956-, eeditor.